000 00411 a2200169 4500
001 183425
020 _a85-06-0162-9
040 _cMagnum
100 _aLima, Regina Drummond e
240 1 0 _aUma vida nova para o passarinho rafa
_lpor
245 1 0 _aUma vida nova para o passarinho rafa
300 _a16
362 0 _a1992
440 1 _aMelhoramentos
697 _aLITERATURA INFANTO-JUVENIL
942 _cBK
999 _c183425
_d183425